00467nam a2200181 a 4500001001300000003000900013005001700022008004100039020000900080082002100089100002600110245001900136260004000155300000900195500003500204650002000239700002600259nice12345678IN_TiNIC20260116011853.0070612s1878 lona grp 000 0 eng  ac3500a491.5582421bCLA aClarke, H Wilberforce aPersian Manual aLondonbWm. H.. Allen and Co.c1878 a439p aincludes index and biblioraphy aPersian Grammar1 aClarke, H Wilberforce